Champions d'automne - Ligue 2 - Statistiques

Statistiques générales
  • Ce quiz a été pris 34 fois
  • Le résultat moyen est 22 sur 33
Statistiques - réponses
Saison Club % Correct
2006-2007 FC Metz
85%
2013-2014 FC Metz
85%
2018-2019 FC Metz
85%
1998-1999 AS Saint-Étienne
82%
2008-2009 RC Lens
82%
2019-2020 RC Lens
82%
2014-2015 ESTAC Troyes
79%
2020-2021 ESTAC Troyes
79%
2025-2026 ESTAC Troyes
79%
2017-2018 Stade de Reims
79%
2023-2024 Angers SCO
76%
2024-2025 FC Lorient
76%
1993-1994 OGC Nice
76%
2001-2002 RC Strasbourg
76%
2007-2008 Le Havre AC
73%
2022-2023 Le Havre AC
73%
1997-1998 AS Nancy-Lorraine
70%
2004-2005 AS Nancy-Lorraine
70%
2015-2016 AS Nancy-Lorraine
70%
1994-1995 EA Guingamp
70%
2016-2017 Stade brestois 29
67%
2021-2022 AC Ajaccio
64%
1999-2000 Lille OSC
61%
1995-1996 SM Caen
61%
2009-2010 SM Caen
61%
2012-2013 FC Nantes
58%
2011-2012 Clermont Foot 63
55%
2000-2001 FC Sochaux-Montbéliard
55%
2002-2003 Le Mans FC
48%
2005-2006 CS Sedan-Ardennes
39%
2010-2011 CS Sedan-Ardennes
39%
2003-2004 Istres FC
30%
1996-1997 FC Martigues
27%
Aucun quiz correspondant
Distribution des résultats
% des personnes avec chaque résultat
Percentile par nombre de réponses
Votre historique - résultats
Vous n’avez pas pris ce quiz